00369 a2200109 4500001001000000005001700010008004100027245008700068100002000155773006700175999001700242ART_3997720260410162005.0260409a 10aDerecho transitorio y filiación por técnicas de reproducción humana asistida1 aHerrera, Marisa0 tTemas de derecho civilg- Año 2, Nº 8 (ago. 2016)wREV34778 c31638d31638